000 00833nam a2200277 i 4500
001 42580
003 ES-MaACL
005 20230906160635.0
007 t|
008 030407s2001 sp ||||0| spa j
020 _a84-8444-374-4
040 _aM-BN
_bspa
_cM-BN
080 _a1:37
080 _a1 Sócrates
100 1 _aMartínez Hernández, José.
_978148
245 1 3 _aEl legado de Sócrates /
_cJosé Martínez Hernández.
260 _a(Albolote) Granada :
_bComares,
_c2001.
300 _aXVI, 177 p. ;
_c22 cm.
490 1 _aComares filosofía
504 _aBibliografía: p. [173]-177.
600 1 4 _aSócrates-
_xCrítica e interpretación.
_9107014
650 1 4 _aFilosofía-
_xEnseñanza.
_912809
830 0 _aComares filosofía
_9229830
852 _aES-MaACL
_jL-26223
_bR.131395
999 _c42580
_d42580